[Event "First Saturday 2011 november"]
[Site "Budapest"]
[Date "2011.11.05"]
[Round "1"]
[White "Lyell, Mark"]
[Black "Szamoskozy, Gabor"]
[Result "0-1"]
[WhiteElo "2189"]
[BlackElo "2378"]
[PlyCount "82"]
[EventDate "2011.11.05"]

1. e4 c5 2. Nc3 e6 3. g3 d5 4. exd5 exd5 5. Bg2 Nf6 6. Nf3 d4 7. Ne2 Nc6 8. O-O
Be7 9. c3 d3 10. Nf4 h6 11. h4 O-O 12. Qb3 Na5 13. Qb5 Bf5 14. b4 Nc6 15. bxc5
Qd7 16. Rb1 Rab8 17. Re1 a6 18. Qc4 Rfd8 19. Ne5 Nxe5 20. Rxe5 Ng4 21. Rd5 Qc8
22. Rxd8+ Bxd8 23. Ba3 Bc7 24. Re1 Qd7 25. c6 bxc6 26. Bxc6 Qd8 27. Re8+ Qxe8
28. Bxe8 Rxe8 29. Ng2 Bb6 30. Ne3 Bxe3 31. fxe3 Rb8 32. e4 Rb1+ 33. Kg2 Be6 34.
Qxd3 Ra1 35. Bd6 Rxa2 36. Bf4 a5 37. Kf3 a4 38. Qd4 a3 39. Qa4 Ra1 40. Ke2 a2
41. c4 Rc1 0-1

[Event "First Saturday 2011 november"]
[Site "Budapest"]
[Date "2011.11.05"]
[Round "1"]
[White "Meurs, Tom"]
[Black "Keschitz, Gyorgy"]
[Result "0-1"]
[WhiteElo "2247"]
[BlackElo "2315"]
[PlyCount "82"]
[EventDate "2011.11.05"]

1. e4 d6 2. d4 Nf6 3. Nc3 e5 4. dxe5 dxe5 5. Qxd8+ Kxd8 6. Bg5 Be6 7. O-O-O+
Nbd7 8. Nd5 Kc8 9. f3 Nxd5 10. exd5 Bf5 11. Ne2 f6 12. Bd2 a6 13. g4 Bg6 14.
Ng3 b5 15. f4 Bd6 16. f5 Bf7 17. Bg2 Nb6 18. Be3 Rd8 19. Rd3 Rb8 20. Rhd1 Be7
21. Bf2 Rd7 22. Kb1 Kd8 23. c3 Ke8 24. Bxb6 Rxb6 25. b4 a5 26. a3 Rd8 27. Ne4
Ra6 28. R1d2 Bd6 29. Nc5 Ra7 30. Ne6 Rda8 31. Kb2 axb4 32. cxb4 Bxb4 33. d6
Bxe6 34. Bxa8 Bxd2 35. fxe6 Rxa8 36. Rxd2 cxd6 37. Rxd6 Ke7 38. Rb6 Rd8 39. Kc3
Rd5 40. Rb7+ Kxe6 41. Rxg7 e4 0-1

[Event "First Saturday 2011 november"]
[Site "Budapest"]
[Date "2011.11.05"]
[Round "1"]
[White "Lengyel, Bela"]
[Black "Citak, Selim"]
[Result "0-1"]
[WhiteElo "2258"]
[BlackElo "2363"]
[PlyCount "48"]
[EventDate "2011.11.05"]

1. e4 e5 2. Nf3 Nc6 3. Bb5 a6 4. Ba4 Nf6 5. O-O Be7 6. Nc3 b5 7. Bb3 d6 8. Nd5
Nxe4 9. d4 Nf6 10. Nxe7 Qxe7 11. Bg5 O-O 12. Bd5 Bb7 13. Re1 h6 14. dxe5 hxg5
15. exf6 Qxf6 16. Qd2 g4 17. Ng5 Na5 18. Bxb7 Nxb7 19. Re4 Nc5 20. Rxg4 Qxb2
21. Rf1 Rae8 22. h4 Ne6 23. Nf3 Qxa2 24. h5 Qb2 0-1

[Event "First Saturday 2011 november"]
[Site "Budapest"]
[Date "2011.11.05"]
[Round "1"]
[White "Hou, Qiang"]
[Black "Szalanczy, Emil"]
[Result "1-0"]
[WhiteElo "2322"]
[BlackElo "2281"]
[PlyCount "103"]
[EventDate "2011.11.05"]

1. e4 c5 2. Nf3 d6 3. d4 cxd4 4. Nxd4 Nf6 5. Nc3 g6 6. Be3 Bg7 7. f3 Nc6 8. Qd2
O-O 9. Bc4 Bd7 10. O-O-O Rc8 11. Bb3 Ne5 12. Kb1 Nc4 13. Bxc4 Rxc4 14. g4 Qb8
15. b3 Rcc8 16. g5 Nh5 17. Nd5 Rfe8 18. Ne2 e6 19. Ndf4 d5 20. Nxh5 gxh5 21.
Ng3 Bc6 22. Nxh5 dxe4 23. Nf6+ Kh8 24. Nxe8 Rxe8 25. f4 Kg8 26. h4 Qc8 27. h5
e5 28. fxe5 Bxe5 29. g6 f5 30. gxh7+ Kxh7 31. Rhg1 Rg8 32. Rxg8 Qxg8 33. Rg1
Qf8 34. Bf4 Bg7 35. h6 Bh8 36. Qg2 Qf7 37. Qg3 Qe6 38. Bc1 Be5 39. Qg5 Be8 40.
Bb2 Bxb2 41. Kxb2 Bg6 42. Kb1 Qd6 43. Rf1 Qe5 44. Rd1 Qe6 45. Kc1 b5 46. Rd2 b4
47. Qf4 Qf6 48. Rd7+ Bf7 49. Kb1 a5 50. Qc7 Kg6 51. h7 Be6 52. Qg3+ 1-0

[Event "First Saturday 2011 november"]
[Site "Budapest"]
[Date "2011.11.05"]
[Round "1"]
[White "Holm, Sejer"]
[Black "Coleman, Teddy"]
[Result "0-1"]
[WhiteElo "2222"]
[BlackElo "2310"]
[PlyCount "174"]
[EventDate "2011.11.05"]

1. d4 d5 2. Nf3 Nf6 3. c4 c6 4. e3 Bf5 5. Nc3 e6 6. Bd3 dxc4 7. Bxc4 b5 8. Be2
h6 9. O-O Nbd7 10. b3 Be7 11. Bb2 O-O 12. Rc1 a6 13. Ne5 Nxe5 14. dxe5 Nd7 15.
e4 Bh7 16. Qc2 Qb6 17. Kh1 Nxe5 18. Nxb5 cxb5 19. Bxe5 Ba3 20. Rcd1 Rac8 21.
Qd3 Qc6 22. Qg3 f6 23. Bd6 Bxd6 24. Rxd6 Qxe4 25. Bd3 Qb7 26. Bxh7+ Kxh7 27.
Rxe6 Rfe8 28. Qd3+ Kh8 29. Rxe8+ Rxe8 30. h3 Qe4 31. Qd7 Qe6 32. Qd2 Qe2 33.
Rd1 b4 34. Kg1 a5 35. Qd7 Re5 36. Rd2 Qe1+ 37. Kh2 Qe4 38. Qc8+ Re8 39. Rd8
Qe5+ 40. g3 Rxd8 41. Qxd8+ Kh7 42. Qd3+ f5 43. Kg2 Kg6 44. Qa6+ Kf7 45. Qa7+
Ke6 46. h4 Qe4+ 47. Kh2 Qe2 48. Qb6+ Kf7 49. Qxa5 Qxf2+ 50. Kh3 Qf1+ 51. Kh2
Qe2+ 52. Kh3 Qe4 53. Kh2 Kg6 54. Qa7 Qe2+ 55. Kh3 Qe1 56. Kg2 Qe4+ 57. Kh2 f4
58. gxf4 Qxf4+ 59. Kh3 Qf3+ 60. Kh2 Qg4 61. Qe7 Kh5 62. a3 bxa3 63. Qxa3 Qxh4+
64. Kg2 Qe4+ 65. Kf2 Qc2+ 66. Kg3 Qd3+ 67. Kg2 g5 68. Qa4 Qd2+ 69. Kg1 g4 70.
Qc4 Kh4 71. b4 Qe3+ 72. Kf1 Kg3 73. Qc2 Qf4+ 74. Kg1 Qd4+ 75. Kf1 Qf6+ 76. Ke1
Kh3 77. Qe4 g3 78. Qh1+ Kg4 79. Qe4+ Qf4 80. Qg6+ Kf3 81. Qh5+ Kg2 82. Qd5+ Kg1
83. b5 Qe3+ 84. Kd1 g2 85. Qf5 Kh2 86. Qh5+ Kg3 87. Qg6+ Kf2 0-1

[Event "First Saturday 2011 november"]
[Site "Budapest"]
[Date "2011.11.06"]
[Round "2"]
[White "Szalanczy, Emil"]
[Black "Holm, Sejer"]
[Result "0-1"]
[WhiteElo "2281"]
[BlackElo "2222"]
[PlyCount "114"]
[EventDate "2011.11.05"]

1. e4 e6 2. d4 d5 3. Nc3 dxe4 4. Nxe4 Nd7 5. Nf3 Ngf6 6. Bd3 Nxe4 7. Bxe4 Nf6
8. Bd3 c5 9. O-O Bd6 10. c3 O-O 11. Bg5 h6 12. Bh4 b6 13. Re1 Bb7 14. Bc2 g5
15. Bg3 Bxg3 16. hxg3 cxd4 17. Nxd4 Qd5 18. Qf3 Qxf3 19. gxf3 Rfd8 20. Bb3 Nd5
21. Re5 Kg7 22. Rae1 Rac8 23. Kg2 Nc7 24. Kh3 Rd6 25. f4 gxf4 26. gxf4 Nd5 27.
f5 Nf4+ 28. Kh2 Nd3 29. Rg1+ Kf6 30. Re3 Nf4 31. fxe6 fxe6 32. Reg3 Rc5 33. Bd1
e5 34. Nb3 Rc7 35. Rg8 Rd3 36. Bg4 h5 37. Rf8+ Ke7 38. Rxf4 exf4 39. Be2 Rd8
40. Rg7+ Kd6 41. Rg5 Re7 42. Nd4 Kc7 43. Bxh5 Re1 44. f3 Bc8 45. Kg2 Rb1 46. b4
Rb2+ 47. Kf1 Rxa2 48. Ke1 a5 49. b5 a4 50. Kd1 a3 51. Kc1 Rh2 52. Kb1 Rh8 53.
Rg7+ Kd6 54. Rg6+ Kd5 55. Rg5+ Kc4 56. Bf7+ Kxc3 57. Rg1 Kxd4 0-1

[Event "First Saturday 2011 november"]
[Site "Budapest"]
[Date "2011.11.06"]
[Round "2"]
[White "Szeberenyi, Adam"]
[Black "Hou, Qiang"]
[Result "1/2-1/2"]
[WhiteElo "2324"]
[BlackElo "2322"]
[PlyCount "41"]
[EventDate "2011.11.05"]

1. d4 Nf6 2. c4 g6 3. Nc3 Bg7 4. e4 d6 5. Be2 O-O 6. Bg5 Na6 7. Qd2 Qe8 8. e5
dxe5 9. dxe5 Nd7 10. Nd5 f6 11. exf6 exf6 12. Bh6 c6 13. Bxg7 Kxg7 14. Ne3 Ndc5
15. Nf3 Qd8 16. Rd1 Qxd2+ 17. Rxd2 Be6 18. O-O Ne4 19. Rdd1 Rad8 20. Rxd8 Rxd8
21. Rd1 1/2-1/2

[Event "First Saturday 2011 november"]
[Site "Budapest"]
[Date "2011.11.06"]
[Round "2"]
[White "Citak, Selim"]
[Black "Farago, Sandor"]
[Result "1-0"]
[WhiteElo "2363"]
[BlackElo "2317"]
[PlyCount "89"]
[EventDate "2011.11.05"]

1. d4 d5 2. c4 c6 3. Nf3 Nf6 4. Nc3 a6 5. c5 Nbd7 6. Bf4 Nh5 7. Bd2 g6 8. e4
dxe4 9. Nxe4 Nhf6 10. Nc3 Bg7 11. Bc4 O-O 12. O-O b5 13. Bb3 b4 14. Na4 a5 15.
Re1 e6 16. Bf4 Nd5 17. Bd6 Re8 18. Qd2 Ba6 19. Bxd5 cxd5 20. Ne5 Nxe5 21. dxe5
Bb5 22. Nb6 Ra6 23. a3 bxa3 24. Rxa3 a4 25. Qb4 Bc6 26. Nxa4 Qg5 27. Rg3 Qf5
28. Nb6 Bh6 29. Qh4 Bd2 30. Rf1 Bb5 31. Rf3 Qc2 32. Nd7 Bxd7 33. Qf6 Qf5 34.
Rxf5 exf5 35. e6 Rxe6 36. Qd8+ Be8 37. Be7 Rxe7 38. Qxe7 Bb5 39. Rd1 Re6 40.
Qxe6 fxe6 41. Rxd2 Kf7 42. f4 Ke7 43. Kf2 Kd7 44. Ke3 Kc6 45. Kd4 {after 6 move
} 1-0

[Event "First Saturday 2011 november"]
[Site "Budapest"]
[Date "2011.11.06"]
[Round "2"]
[White "Keschitz, Gyorgy"]
[Black "Lengyel, Bela"]
[Result "0-1"]
[WhiteElo "2315"]
[BlackElo "2258"]
[PlyCount "73"]
[EventDate "2011.11.05"]

1. Nf3 d5 2. d3 c5 3. g3 Nc6 4. Bg2 g6 5. O-O Bg7 6. c3 Nf6 7. a4 O-O 8. Na3
Bf5 9. Re1 Qd7 10. Be3 d4 11. cxd4 cxd4 12. Bd2 Nd5 13. Nc4 h6 14. Qb3 Rfd8 15.
Rec1 Rac8 16. Be1 e5 17. Nfd2 Be6 18. a5 f5 19. Qa4 Bf8 20. Nb1 g5 21. Nba3 h5
22. Rab1 h4 23. b4 hxg3 24. hxg3 Bg7 25. b5 Nce7 26. Bd2 Bf6 27. Nc2 e4 28.
N2a3 exd3 29. exd3 Nc3 30. Bxc3 dxc3 31. Rd1 Bd5 32. Bf1 f4 33. Qc2 Bd4 34. Kh2
Nf5 35. Bh3 Qh7 36. Qe2 f3 37. Qd2 {after 6 move} 0-1

[Event "First Saturday 2011 november"]
[Site "Budapest"]
[Date "2011.11.06"]
[Round "2"]
[White "Szamoskozy, Gabor"]
[Black "Meurs, Tom"]
[Result "1/2-1/2"]
[WhiteElo "2378"]
[BlackElo "2247"]
[PlyCount "65"]
[EventDate "2011.11.05"]

1. e4 e5 2. Nf3 Nc6 3. Bc4 Bc5 4. b4 Bxb4 5. c3 Be7 6. d4 Na5 7. Be2 exd4 8.
Qxd4 d5 9. exd5 Nf6 10. Qa4+ c6 11. dxc6 Nxc6 12. Ne5 O-O 13. Nxc6 bxc6 14. O-O
Bb7 15. Bf3 Nd5 16. Ba3 Re8 17. Bxe7 Qxe7 18. c4 Nb6 19. Qb3 Rad8 20. a4 Ba6
21. Na3 Qc5 22. Rac1 Rd2 23. Nb5 Red8 24. Nxa7 Bxc4 25. a5 Qxa5 26. Rxc4 Qxa7
27. Rxc6 Nd7 28. Qc3 Qd4 29. Qxd4 Rxd4 30. Rcc1 g6 31. Rfe1 Nf6 32. g3 h5 33.
h4 1/2-1/2

[Event "First Saturday 2011 november"]
[Site "Budapest"]
[Date "2011.11.06"]
[Round "2"]
[White "Csonka, Balazs"]
[Black "Lyell, Mark"]
[Result "1/2-1/2"]
[WhiteElo "2303"]
[BlackElo "2189"]
[PlyCount "47"]
[EventDate "2011.11.05"]

1. e4 e5 2. Nf3 Nc6 3. Bb5 f5 4. Nc3 fxe4 5. Nxe4 Nf6 6. Nxf6+ Qxf6 7. Qe2 Be7
8. Bxc6 bxc6 9. Qxe5 d6 10. Qxf6 Bxf6 11. O-O c5 12. d3 Kd7 13. Nd2 Ba6 14. Rb1
Rae8 15. Ne4 c4 16. Nxf6+ gxf6 17. dxc4 Bxc4 18. Rd1 Bxa2 19. Ra1 Bc4 20. Be3
a6 21. b3 Bb5 22. c4 Bc6 23. Rxa6 Rhg8 24. g3 1/2-1/2

[Event "First Saturday 2011 november"]
[Site "Budapest"]
[Date "2011.11.07"]
[Round "3"]
[White "Meurs, Tom"]
[Black "Csonka, Balazs"]
[Result "1/2-1/2"]
[WhiteElo "2247"]
[BlackElo "2303"]
[PlyCount "80"]
[EventDate "2011.11.05"]

1. e4 e5 2. Nf3 Nc6 3. Bb5 Nf6 4. O-O Nxe4 5. d4 Nd6 6. Bxc6 dxc6 7. dxe5 Nf5
8. Qxd8+ Kxd8 9. Nc3 Ne7 10. h4 h6 11. Re1 Bg4 12. Nh2 Be6 13. a3 c5 14. Bd2
Kd7 15. Rad1 Kc6 16. h5 Rd8 17. Be3 Rxd1 18. Rxd1 Nf5 19. Nf1 Be7 20. f4 g5 21.
hxg6 fxg6 22. Ne4 Bd5 23. Nc3 Be6 24. Bf2 Rd8 25. Rxd8 Bxd8 26. g4 Ng7 27. Ne3
h5 28. gxh5 Nxh5 29. Ne2 Ng7 30. Ng3 Bh4 31. Kg2 Bxg3 32. Bxg3 Nf5 33. Kf2 Nxe3
34. Kxe3 Bf5 35. c3 Kd5 36. Bh4 Kc4 37. Kd2 Kb3 38. Kc1 b5 39. Be7 Kc4 40. Kd2
a6 1/2-1/2

[Event "First Saturday 2011 november"]
[Site "Budapest"]
[Date "2011.11.07"]
[Round "3"]
[White "Lengyel, Bela"]
[Black "Szamoskozy, Gabor"]
[Result "0-1"]
[WhiteElo "2258"]
[BlackElo "2378"]
[PlyCount "66"]
[EventDate "2011.11.05"]

1. e4 c5 2. Nf3 Nc6 3. d4 cxd4 4. Nxd4 Nf6 5. Nc3 e5 6. Ndb5 d6 7. Bg5 a6 8.
Na3 b5 9. Nd5 Be7 10. Bxf6 Bxf6 11. c3 Bg5 12. Nc2 O-O 13. a4 bxa4 14. Rxa4 a5
15. Bc4 Rb8 16. b3 Kh8 17. Nce3 g6 18. h4 Bxh4 19. g3 Bg5 20. Ra2 Bxe3 21. Nxe3
f5 22. f4 Rb7 23. Rah2 Rg7 24. exf5 Bxf5 25. Bd5 Ne7 26. g4 Nxd5 27. Qxd5 Bc8
28. fxe5 Qg5 29. Qe4 dxe5 30. Rf1 Rxf1+ 31. Kxf1 Qf4+ 32. Qxf4 exf4 33. Nc4 Ba6
0-1

[Event "First Saturday 2011 november"]
[Site "Budapest"]
[Date "2011.11.07"]
[Round "3"]
[White "Farago, Sandor"]
[Black "Keschitz, Gyorgy"]
[Result "1/2-1/2"]
[WhiteElo "2317"]
[BlackElo "2315"]
[PlyCount "155"]
[EventDate "2011.11.05"]

1. e4 c5 2. Nf3 Nc6 3. d4 cxd4 4. Nxd4 g6 5. Nc3 Bg7 6. Be3 Nf6 7. Bc4 Qa5 8.
O-O O-O 9. Nb3 Qc7 10. Be2 d6 11. f4 b6 12. Bf3 Bb7 13. Qe2 Nd7 14. Nd5 Qd8 15.
c4 Nc5 16. Rfd1 e6 17. Nc3 Qe7 18. Rac1 Rfd8 19. Nd4 Nxd4 20. Bxd4 Bxd4+ 21.
Rxd4 e5 22. Nd5 Bxd5 23. exd5 Re8 24. fxe5 Qxe5 25. Qf2 a5 26. b3 Qe3 27. Rf1
Qxf2+ 28. Kxf2 Re5 29. Re1 Rae8 30. Rxe5 Rxe5 31. Rd1 Kg7 32. Rd4 h6 33. h3 g5
34. g4 Re7 35. Rd1 Nd7 36. a3 Ne5 37. Be2 Kg6 38. Rf1 Kg7 39. Rc1 Kf8 40. b4
axb4 41. axb4 Ra7 42. c5 bxc5 43. bxc5 dxc5 44. Rxc5 Ke7 45. Rb5 Ra3 46. Bf1
Rf3+ 47. Ke2 Ra3 48. Bg2 Ra2+ 49. Kf1 Nd3 50. Be4 Nf4 51. Rb7+ Kf6 52. d6 Rd2
53. d7 Nxh3 54. Bc6 Ke7 55. Rb8 Rxd7 56. Bxd7 Kxd7 57. Rb6 Nf4 58. Rxh6 Ng6 59.
Kf2 Ke6 60. Rh5 f6 61. Kf3 Ne5+ 62. Kg3 Kf7 63. Rh1 Kg6 64. Ra1 Kg7 65. Ra4 Kf7
66. Ra6 Ke7 67. Ra7+ Ke6 68. Ra4 Ke7 69. Kf2 Ke6 70. Ke3 Ke7 71. Re4 Ke6 72.
Kd4 Kd6 73. Kc3 Ke6 74. Ra4 Ke7 75. Kd2 Ke6 76. Ke3 Ke7 77. Rb4 Ke6 78. Ra4
1/2-1/2

[Event "First Saturday 2011 november"]
[Site "Budapest"]
[Date "2011.11.07"]
[Round "3"]
[White "Hou, Qiang"]
[Black "Citak, Selim"]
[Result "1/2-1/2"]
[WhiteElo "2322"]
[BlackElo "2363"]
[PlyCount "100"]
[EventDate "2011.11.05"]

1. e4 e5 2. Nf3 Nf6 3. Nxe5 d6 4. Nf3 Nxe4 5. d4 d5 6. Bd3 Nc6 7. O-O Be7 8. c4
Nf6 9. Nc3 O-O 10. h3 Nb4 11. Be2 dxc4 12. Bxc4 c6 13. a3 Nbd5 14. Bd3 h6 15.
Bc2 Be6 16. Qd3 c5 17. Be3 Rc8 18. Rfd1 Qc7 19. Rac1 Nxe3 20. fxe3 Rfd8 21. Ne4
g6 22. Nxf6+ Bxf6 23. Bb3 Bxb3 24. Qxb3 Qb6 25. Qxb6 axb6 26. Rd3 Rc6 27. Rcd1
cxd4 28. exd4 Rd5 29. Kf2 b5 30. R1d2 Kf8 31. Rb3 Ke7 32. a4 bxa4 33. Rxb7+ Rd7
34. Rb4 Ra6 35. Rd3 Rc7 36. Ra3 Rc2+ 37. Kg3 h5 38. Re3+ Kf8 39. h4 Ra8 40. Ne1
Rd2 41. Nf3 Rc2 42. Rb6 Bd8 43. Rb7 Bc7+ 44. Kh3 Rb8 45. Rxb8+ Bxb8 46. Ra3
Rxb2 47. Rxa4 Rb1 48. g3 Rb3 49. Kg2 Rb2+ 50. Kh3 Rb3 1/2-1/2

[Event "First Saturday 2011 november"]
[Site "Budapest"]
[Date "2011.11.07"]
[Round "3"]
[White "Holm, Sejer"]
[Black "Szeberenyi, Adam"]
[Result "1/2-1/2"]
[WhiteElo "2222"]
[BlackElo "2324"]
[PlyCount "159"]
[EventDate "2011.11.05"]

1. d4 Nf6 2. c4 e6 3. Nf3 Bb4+ 4. Nbd2 O-O 5. a3 Bxd2+ 6. Qxd2 b6 7. e3 c5 8.
Be2 cxd4 9. exd4 d5 10. b3 Ba6 11. Bb2 Nc6 12. Rc1 Na5 13. Qb4 dxc4 14. bxc4
Rc8 15. Nd2 Re8 16. Nf1 Ne4 17. Ne3 Nc6 18. Qa4 Nxd4 19. Qxa6 Nc5 20. Qxc8 Qxc8
21. Bxd4 Nb3 22. Rd1 Nxd4 23. Rxd4 Qc5 24. Rd3 Qa5+ 25. Kf1 b5 26. cxb5 Qxb5
27. g3 Qc6 28. f3 e5 29. Kf2 e4 30. fxe4 Qxe4 31. Rhd1 f5 32. Bf3 Qe5 33. Nd5
Qb2+ 34. R1d2 Qc1 35. Ne3 Qc5 36. Re2 g5 37. Rd5 Qxa3 38. Rxf5 h6 39. Bd5+ Kh8
40. g4 Qd6 41. Kf3 a5 42. Nc4 Qb8 43. Rxe8+ Qxe8 44. Nxa5 Qe1 45. Nc4 Qh1+ 46.
Ke3 Qg1+ 47. Ke4 Qxg4+ 48. Ke5 Qe2+ 49. Kf6 Kh7 50. Ne5 Qxh2 51. Be4 Kg8 52.
Kg6 Qa2 53. Rf6 Qd2 54. Bf5 Qb4 55. Rc6 Qb7 56. Rc8+ Qxc8 57. Bxc8 Kf8 58. Nc6
h5 59. Kxh5 g4 60. Kxg4 Kg7 61. Kg5 Kf7 62. Bd7 Kg7 63. Ne5 Kh7 64. Kf6 Kh8 65.
Bf5 Kg8 66. Nf7 Kf8 67. Bh7 Ke8 68. Ne5 Kd8 69. Ke6 Kc7 70. Bd3 Kb6 71. Kd5 Ka5
72. Nc4+ Kb4 73. Kd4 Kb3 74. Nd2+ Kb2 75. Be2 Kc2 76. Nf3 Kb3 77. Bd1+ Kb2 78.
Be2 Kb3 79. Ne1 Kb2 80. Kd3 {after 30 move} 1/2-1/2

[Event "First Saturday 2011 november"]
[Site "Budapest"]
[Date "2011.11.07"]
[Round "3"]
[White "Coleman, Teddy"]
[Black "Szalanczy, Emil"]
[Result "1-0"]
[WhiteElo "2310"]
[BlackElo "2281"]
[PlyCount "127"]
[EventDate "2011.11.05"]

1. d4 c5 2. d5 e6 3. c4 exd5 4. cxd5 d6 5. Nc3 g6 6. e4 Bg7 7. Nge2 Nd7 8. Ng3
h5 9. Be2 Nh6 10. Bf4 Ne5 11. Qd2 h4 12. Nf1 h3 13. Rg1 a6 14. f3 b5 15. g4 f6
16. Ne3 Nhf7 17. Bg3 O-O 18. f4 Nc4 19. Bxc4 bxc4 20. Bf2 g5 21. f5 Ne5 22. Rg3
Rb8 23. Kf1 Rf7 24. Rc1 a5 25. Kg1 Ba6 26. Be1 Rfb7 27. Rc2 Qe8 28. Ncd1 a4 29.
Qe2 Rb6 30. Bc3 Nd3 31. Nxc4 Nf4 32. Qf1 Qxe4 33. Nde3 Nxd5 34. Nxb6 Bxf1 35.
Nbxd5 Ba6 36. a3 Bb7 37. Rd2 Re8 38. Rxh3 Re5 39. Bxe5 dxe5 40. Ne7+ Kf7 41.
Ng6 Bc6 42. Kf2 c4 43. Rd6 Qh1 44. Re6 Bf8 45. Nxf8 Kxf8 46. Rxf6+ Ke7 47. Re6+
Kd7 48. Rxe5 Qc1 49. Rh7+ Kc8 50. Re6 Qxb2+ 51. Kg3 Bd7 52. Ree7 Qxa3 53. h4
Qd6+ 54. Kh3 gxh4 55. Kxh4 Qd4 56. Rxd7 Qxe3 57. Rde7 Qf2+ 58. Kg5 Qd2+ 59. Kg6
Qd8 60. Kf7 Qd5+ 61. Kf8 Qd6 62. g5 a3 63. Rh8 Qd4 64. f6 1-0

[Event "First Saturday 2011 november"]
[Site "Budapest"]
[Date "2011.11.08"]
[Round "4"]
[White "Szeberenyi, Adam"]
[Black "Coleman, Teddy"]
[Result "1/2-1/2"]
[WhiteElo "2324"]
[BlackElo "2310"]
[PlyCount "77"]
[EventDate "2011.11.05"]

1. d4 d5 2. c4 c6 3. Nf3 Nf6 4. e3 Bf5 5. Nc3 e6 6. Nh4 Be4 7. f3 Bg6 8. Qb3
Qc7 9. Bd2 Be7 10. Nxg6 hxg6 11. O-O-O dxc4 12. Qxc4 a6 13. g3 b5 14. Qd3 Nbd7
15. Kb1 c5 16. Rc1 c4 17. Qc2 O-O 18. g4 Rfc8 19. g5 Nh5 20. f4 b4 21. Ne4 Nb6
22. Ng3 Qb7 23. Be1 b3 24. Qg2 bxa2+ 25. Ka1 Nd5 26. Nxh5 gxh5 27. Bxc4 Rab8
28. Ba5 Rxc4 29. Rxc4 Qb5 30. Rhc1 Qxa5 31. g6 Nxe3 32. Rc8+ Rxc8 33. Rxc8+ Bf8
34. Rxf8+ Kxf8 35. Qa8+ Ke7 36. Qb7+ Kd6 37. Qb8+ Kd7 38. Qb7+ Kd6 39. Qb8+
1/2-1/2

[Event "First Saturday 2011 november"]
[Site "Budapest"]
[Date "2011.11.08"]
[Round "4"]
[White "Keschitz, Gyorgy"]
[Black "Hou, Qiang"]
[Result "1-0"]
[WhiteElo "2315"]
[BlackElo "2322"]
[PlyCount "101"]
[EventDate "2011.11.05"]

1. Nf3 c5 2. g3 Nc6 3. d4 cxd4 4. Nxd4 Nf6 5. Bg2 d5 6. O-O e5 7. Nxc6 bxc6 8.
c4 Be7 9. Nc3 e4 10. Qa4 Bd7 11. Rd1 O-O 12. Qa6 Bb4 13. cxd5 Bxc3 14. dxc6 Bc8
15. Rxd8 Bxa6 16. Rxa8 Rxa8 17. bxc3 Rc8 18. Be3 Rxc6 19. Bxa7 Rxc3 20. a4 Kf8
21. Bd4 Rc4 22. Bxf6 gxf6 23. e3 Ke7 24. Bf1 Rc6 25. Bxa6 Rxa6 26. a5 f5 27.
Kf1 Kd6 28. Kg2 Ke5 29. f3 Kd5 30. Ra4 Ke5 31. h3 h5 32. Kf2 Kd5 33. fxe4+ fxe4
34. g4 hxg4 35. hxg4 Ke5 36. Kg3 f6 37. Ra3 f5 38. g5 Rg6 39. a6 Rxg5+ 40. Kf2
Rg8 41. a7 Ra8 42. Ra5+ Kf6 43. Ra4 Ke5 44. Ra6 Kd5 45. Kg3 Kc4 46. Kf4 Kd3 47.
Ra3+ Ke2 48. Kxf5 Kf3 49. Ke5 Re8+ 50. Kd5 Ra8 51. Kc5 1-0

[Event "First Saturday 2011 november"]
[Site "Budapest"]
[Date "2011.11.08"]
[Round "4"]
[White "Szamoskozy, Gabor"]
[Black "Farago, Sandor"]
[Result "1-0"]
[WhiteElo "2378"]
[BlackElo "2317"]
[PlyCount "105"]
[EventDate "2011.11.05"]

1. e4 c5 2. Nf3 d6 3. d4 cxd4 4. Nxd4 Nf6 5. Nc3 a6 6. Be2 e6 7. O-O Nbd7 8. f4
Qc7 9. Bf3 Be7 10. Be3 O-O 11. g4 Nb6 12. g5 Nfd7 13. Qe2 g6 14. f5 e5 15. Nb3
Re8 16. h4 d5 17. fxg6 hxg6 18. exd5 e4 19. Bg2 Ne5 20. d6 Qxd6 21. Nxe4 Qc7
22. Bf4 Nbc4 23. Qf2 Be6 24. Nd4 Bd5 25. b3 Nb6 26. Rae1 Nbd7 27. Nf6+ Bxf6 28.
Bxd5 Qc5 29. Bxf7+ Nxf7 30. gxf6 Nde5 31. Bxe5 Rxe5 32. Rxe5 Qxe5 33. Re1 Qd5
34. c4 Qh5 35. Nf3 Rd8 36. Qg3 Qf5 37. Ng5 Qxf6 38. Nxf7 Qd4+ 39. Re3 Kxf7 40.
Qf2+ Kg7 41. Re7+ Kh6 42. Qxd4 Rxd4 43. Rxb7 Rd1+ 44. Kf2 Rd2+ 45. Ke3 Rxa2 46.
c5 Rc2 47. Kd4 Rh2 48. c6 Rxh4+ 49. Kd5 Rh1 50. Rb4 Rd1+ 51. Kc5 a5 52. Rc4 Rd8
53. c7 1-0

[Event "First Saturday 2011 november"]
[Site "Budapest"]
[Date "2011.11.08"]
[Round "4"]
[White "Lyell, Mark"]
[Black "Meurs, Tom"]
[Result "1/2-1/2"]
[WhiteElo "2189"]
[BlackElo "2247"]
[PlyCount "90"]
[EventDate "2011.11.05"]

1. e4 e5 2. Nf3 Nc6 3. Bc4 Bc5 4. b4 Bxb4 5. c3 Be7 6. d4 Na5 7. Be2 exd4 8.
Qxd4 d5 9. Qxg7 Bf6 10. Qg3 dxe4 11. Nd4 Ne7 12. Nb5 Nd5 13. c4 a6 14. cxd5
axb5 15. Bg5 Bxg5 16. Qe5+ Qe7 17. Qxh8+ Kd7 18. Nc3 Bf6 19. Bg4+ Kd6 20. Qxf6+
Qxf6 21. Nxe4+ Ke5 22. Nxf6 Kxf6 23. Bxc8 Rxc8 24. O-O c5 25. dxc6 bxc6 26.
Rad1 Nc4 27. Rfe1 c5 28. Rd5 Na3 29. Kf1 c4 30. Ke2 b4 31. Kd1 Rb8 32. Kc1 b3
33. axb3 c3 34. Rd6+ Kg7 35. Ra6 Rxb3 36. Rxa3 Rxa3 37. Re2 h5 38. Kc2 h4 39.
h3 f5 40. Kd3 Kf6 41. Rc2 Ra1 42. f4 Ra4 43. Rf2 c2 44. Rxc2 Rxf4 45. Ke3 Ra4
1/2-1/2

[Event "First Saturday 2011 november"]
[Site "Budapest"]
[Date "2011.11.09"]
[Round "5"]
[White "Lengyel, Bela"]
[Black "Lyell, Mark"]
[Result "1/2-1/2"]
[WhiteElo "2258"]
[BlackElo "2189"]
[PlyCount "99"]
[EventDate "2011.11.05"]

1. e4 e5 2. Bc4 Nf6 3. d3 c6 4. Qe2 d5 5. exd5 cxd5 6. Qxe5+ Be7 7. Bb5+ Nc6 8.
Bxc6+ bxc6 9. Nf3 O-O 10. O-O Bd6 11. Qe2 Re8 12. Qd1 h6 13. Nbd2 Bg4 14. h3
Bh5 15. Re1 Qb6 16. Rxe8+ Rxe8 17. Nf1 Nd7 18. g4 Bg6 19. b3 c5 20. Ne3 Qc6 21.
Bd2 Bc7 22. Rc1 d4 23. Nf1 f6 24. N3h2 Bf7 25. c3 Qd6 26. cxd4 cxd4 27. Nf3 Ne5
28. Nxe5 Qxe5 29. Qf3 Bd5 30. Qf5 Qxf5 31. gxf5 Bd6 32. Ng3 Kf7 33. f4 Bb7 34.
Kf2 Re7 35. b4 Rc7 36. Rc4 Ke7 37. a4 a6 38. Ne2 Bc6 39. a5 Bb5 40. Rxc7+ Bxc7
41. Nxd4 Bxd3 42. Ne6 Bb8 43. Nxg7 Kf7 44. Nh5 Bxf5 45. h4 Bc8 46. Bc3 Kg6 47.
Nxf6 Bxf4 48. Nd5 Bd6 49. Bd2 Be6 50. Nf4+ 1/2-1/2

[Event "First Saturday 2011 november"]
[Site "Budapest"]
[Date "2011.11.09"]
[Round "5"]
[White "Farago, Sandor"]
[Black "Csonka, Balazs"]
[Result "1-0"]
[WhiteElo "2317"]
[BlackElo "2303"]
[PlyCount "99"]
[EventDate "2011.11.05"]

1. e4 e5 2. Nf3 Nc6 3. Bb5 a6 4. Ba4 Nf6 5. Qe2 b5 6. Bb3 Bc5 7. c3 d6 8. h3
O-O 9. O-O Bb7 10. d3 Bb6 11. Bg5 h6 12. Bh4 g5 13. Nxg5 hxg5 14. Bxg5 Kg7 15.
Qf3 Qe7 16. Na3 Nd8 17. Qg3 Rh8 18. Nc2 Nh5 19. Qg4 Nf6 20. Bxf6+ Kxf6 21. Ne3
Ne6 22. d4 Rag8 23. dxe5+ dxe5 24. Qf5+ Kg7 25. Qxe5+ Kf8 26. Rad1 Rxh3 27.
Bxe6 fxe6 28. Qf4+ Ke8 29. Ng4 Rh1+ 30. Kxh1 Qh4+ 31. Qh2 Rxg4 32. f3 Qxh2+ 33.
Kxh2 Rg7 34. g3 c5 35. Kg2 Ke7 36. Rh1 c4 37. Rh8 Bc7 38. g4 a5 39. Rdh1 Be5
40. R1h5 Kd6 41. Rd8+ Kc7 42. Rd1 Bf4 43. Rxb5 e5 44. Rxa5 Rh7 45. Rc5+ Kb6 46.
Rxc4 Rh2+ 47. Kg1 Ba6 48. Rd6+ Kb5 49. Rb4+ Ka5 50. Rd5+ 1-0

[Event "First Saturday 2011 november"]
[Site "Budapest"]
[Date "2011.11.09"]
[Round "5"]
[White "Hou, Qiang"]
[Black "Szamoskozy, Gabor"]
[Result "1-0"]
[WhiteElo "2322"]
[BlackElo "2378"]
[PlyCount "67"]
[EventDate "2011.11.05"]

1. e4 c5 2. Nf3 Nc6 3. d4 cxd4 4. Nxd4 Nf6 5. Nc3 e5 6. Ndb5 d6 7. Bg5 a6 8.
Na3 b5 9. Nd5 Be7 10. Bxf6 Bxf6 11. c3 Bg5 12. Nc2 O-O 13. a4 bxa4 14. Rxa4 a5
15. Bc4 Rb8 16. b3 Kh8 17. Nce3 Ne7 18. O-O Bxe3 19. Nxe3 f5 20. exf5 Nxf5 21.
Nxf5 Bxf5 22. Qd5 h6 23. Qxa5 Qxa5 24. Rxa5 Bc2 25. Ra3 Rfc8 26. Rc1 Be4 27. f3
Bc6 28. Be2 d5 29. c4 dxc4 30. bxc4 Rb2 31. Re3 Re8 32. Rd1 e4 33. fxe4 Bxe4
34. Bf3 1-0